[Event "Mitropa Cup 34th"]
[Site "Mayrhofen"]
[Date "2015.06.20"]
[Round "7.1"]
[White "Michalik, Peter"]
[Black "Bailet, Pierre"]
[Result "1-0"]
[WhiteElo "2546"]
[BlackElo "2518"]
[PlyCount "103"]
[EventDate "2015.06.14"]
[EventType "team"]
[EventRounds "9"]
[EventCountry "AUT"]
[WhiteTeam "Slovakia"]
[BlackTeam "France"]
[WhiteTeamCountry "SVK"]
[BlackTeamCountry "FRA"]

1. d4 d5 2. c4 c6 3. Nc3 Nf6 4. e3 Bf5 5. cxd5 cxd5 6. Qb3 Nc6 7. Qxb7 Bd7 8.
Qb3 Rb8 9. Qd1 e5 10. dxe5 Nxe5 11. Be2 Bd6 12. Nf3 O-O 13. O-O Qe7 14. Nd4
Rfc8 15. h3 Rb6 16. a4 Bb4 17. Bd2 Bxc3 18. Bxc3 Ne4 19. Nf3 Nxc3 20. bxc3 Rg6
21. Kh1 Nxf3 22. Bxf3 Rxc3 23. Qxd5 Bc6 24. Qf5 Rf6 25. Qc8+ Qf8 26. Qxf8+ Kxf8
27. Bxc6 Rcxc6 28. Ra2 Rc4 29. Rb1 Rb6 30. Rd1 Ke7 31. Rd5 Ra6 32. a5 Rac6 33.
Rad2 Rc2 34. Re5+ Kf6 35. Rxc2 Rxc2 36. f4 g6 37. Kh2 h5 38. Kg3 h4+ 39. Kf3
Ra2 40. g3 hxg3 41. Kxg3 Kg7 42. h4 a6 43. h5 f6 44. Rc5 gxh5 45. Rxh5 Kg6 46.
Rc5 Ra4 47. Kg4 Re4 48. Kf3 Ra4 49. e4 Ra1 50. Rc6 Rf1+ 51. Kg3 Ra1 52. Rxa6
1-0

[Event "Mitropa Cup 34th"]
[Site "Mayrhofen"]
[Date "2015.06.20"]
[Round "7.2"]
[White "Dourerassou, Jonathan"]
[Black "Jurcik, Marian"]
[Result "0-1"]
[WhiteElo "2415"]
[BlackElo "2487"]
[PlyCount "94"]
[EventDate "2015.06.14"]
[EventType "team"]
[EventRounds "9"]
[EventCountry "AUT"]
[WhiteTeam "France"]
[BlackTeam "Slovakia"]
[WhiteTeamCountry "FRA"]
[BlackTeamCountry "SVK"]

1. e4 c5 2. Nf3 Nc6 3. Bb5 g6 4. Bxc6 dxc6 5. d3 Bg7 6. h3 e5 7. Nc3 Qe7 8. Be3
Nf6 9. Qd2 h6 10. a3 Nd7 11. O-O Nf8 12. Na4 b6 13. b4 cxb4 14. axb4 Rb8 15. d4
Nd7 16. Nb2 Ra8 17. Nc4 exd4 18. Bxd4 O-O 19. Bxg7 Kxg7 20. e5 b5 21. Nd6 Nb6
22. Qc3 Be6 23. Nd4 Nd5 24. Qxc6 Nf4 25. Qe4 Qg5 26. Nxe6+ fxe6 27. Ra3 a6 28.
Rg3 Qh5 29. Rg4 g5 30. Qb7+ Kh8 31. Qe4 Kg7 32. Kh2 Qg6 33. Qc6 Nd5 34. f4 Ne3
35. Rf3 Nxg4+ 36. hxg4 gxf4 37. Qc7+ Kg8 38. Rh3 Qg7 39. Qc5 Qg6 40. Qc7 Qg7
41. Qc5 Rad8 42. Qd4 Rd7 43. Qe4 Rc7 44. c3 Qxg4 45. Rxh6 Rg7 46. Rh3 Qg5 47.
Qe2 f3 0-1

[Event "Mitropa Cup 34th"]
[Site "Mayrhofen"]
[Date "2015.06.20"]
[Round "7.3"]
[White "Repka, Christopher"]
[Black "Barbot, Pierre"]
[Result "1-0"]
[WhiteElo "2414"]
[BlackElo "2463"]
[PlyCount "83"]
[EventDate "2015.06.14"]
[EventType "team"]
[EventRounds "9"]
[EventCountry "AUT"]
[WhiteTeam "Slovakia"]
[BlackTeam "France"]
[WhiteTeamCountry "SVK"]
[BlackTeamCountry "FRA"]

1. d4 Nf6 2. Nf3 e6 3. c4 b6 4. g3 Bb7 5. Bg2 Bb4+ 6. Bd2 Be7 7. Nc3 O-O 8. O-O
d5 9. cxd5 exd5 10. Rc1 Na6 11. Bf4 c5 12. dxc5 Nxc5 13. Nd4 Re8 14. b4 Nce4
15. Ncb5 Rc8 16. Nc7 Rf8 17. Bh3 Rb8 18. Na6 Bxa6 19. Nc6 Qe8 20. Nxb8 Bc4 21.
Nd7 Nxd7 22. Bxd7 Qxd7 23. Rxc4 Qe6 24. Rc7 Bxb4 25. Qb3 Bc5 26. Be3 d4 27.
Qxe6 fxe6 28. Bf4 Rf5 29. Kg2 a5 30. Rd7 Nc3 31. e3 e5 32. Bxe5 Rxe5 33. exd4
Bxd4 34. Rxd4 Nxa2 35. Rd6 Rb5 36. Re1 Nc3 37. Re7 h5 38. Rb7 Nd5 39. Rg6 Kh7
40. Rbxg7+ Kh8 41. Rb7 a4 42. Rd6 1-0

[Event "Mitropa Cup 34th"]
[Site "Mayrhofen"]
[Date "2015.06.20"]
[Round "7.4"]
[White "Di Nicolantonio, Lucas"]
[Black "Druska, Juraj"]
[Result "0-1"]
[WhiteElo "2417"]
[BlackElo "2433"]
[PlyCount "80"]
[EventDate "2015.06.14"]
[EventType "team"]
[EventRounds "9"]
[EventCountry "AUT"]
[WhiteTeam "France"]
[BlackTeam "Slovakia"]
[WhiteTeamCountry "FRA"]
[BlackTeamCountry "SVK"]

1. e4 c5 2. Nf3 Nc6 3. c3 d5 4. exd5 Qxd5 5. d4 Bf5 6. Be3 cxd4 7. Nxd4 Nf6 8.
Nxf5 Qxf5 9. Bd3 Qd5 10. O-O O-O-O 11. Be2 Qxd1 12. Rxd1 Rxd1+ 13. Bxd1 Nd5 14.
Bd2 e6 15. Bf3 Bc5 16. b4 Be7 17. b5 Ne5 18. Bxd5 exd5 19. Be3 Nc4 20. Bd4 Re8
21. Kf1 Bf6 22. Bxf6 gxf6 23. a4 Kc7 24. Ra2 Kd6 25. f3 Re3 26. Kf2 f5 27. g3
Ke5 28. Re2 Rxe2+ 29. Kxe2 Nb2 30. a5 Nc4 31. a6 b6 32. Kd3 Kd6 33. Kd4 h6 34.
h3 h5 35. f4 f6 36. h4 Ke6 37. Kd3 Kd7 38. Kc2 Kd6 39. Kb3 Kc5 40. Ka4 Nd6 0-1

[Event "Mitropa Cup 34th"]
[Site "Mayrhofen"]
[Date "2015.06.20"]
[Round "7.1"]
[White "Gledura, Benjamin"]
[Black "Saric, Ante"]
[Result "1/2-1/2"]
[WhiteElo "2486"]
[BlackElo "2580"]
[PlyCount "51"]
[EventDate "2015.06.14"]
[EventType "team"]
[EventRounds "9"]
[EventCountry "AUT"]
[WhiteTeam "Hungary"]
[BlackTeam "Croatia"]
[WhiteTeamCountry "HUN"]
[BlackTeamCountry "CRO"]

1. d4 Nf6 2. c4 e6 3. Nf3 d5 4. g3 Bb4+ 5. Bd2 Be7 6. Bg2 O-O 7. O-O Nbd7 8.
Qc2 c6 9. Rd1 b6 10. Bf4 Bb7 11. Nc3 dxc4 12. Nd2 Nd5 13. Nxc4 Nxf4 14. gxf4
Qc7 15. e3 Rad8 16. Rac1 c5 17. d5 exd5 18. Nxd5 Bxd5 19. Rxd5 b5 20. Ne5 Nxe5
21. Rxe5 Bd6 22. Rd5 Be7 23. Re5 Bd6 24. Rd5 Be7 25. Re5 Bd6 26. Rd5 1/2-1/2

[Event "Mitropa Cup 34th"]
[Site "Mayrhofen"]
[Date "2015.06.20"]
[Round "7.2"]
[White "Bosiocic, Marin"]
[Black "Havasi, Gergo"]
[Result "1-0"]
[WhiteElo "2558"]
[BlackElo "2355"]
[PlyCount "93"]
[EventDate "2015.06.14"]
[EventType "team"]
[EventRounds "9"]
[EventCountry "AUT"]
[WhiteTeam "Croatia"]
[BlackTeam "Hungary"]
[WhiteTeamCountry "CRO"]
[BlackTeamCountry "HUN"]

1. Nf3 d5 2. c4 d4 3. g3 Nc6 4. Bg2 e5 5. d3 Nf6 6. O-O Be7 7. e3 dxe3 8. Bxe3
Ng4 9. Nc3 Nxe3 10. fxe3 O-O 11. Nd5 Be6 12. Qb3 Rb8 13. Rad1 Bd6 14. Qc3 Qd7
15. Kh1 Rbe8 16. Nh4 Ne7 17. Nxe7+ Bxe7 18. Nf3 f6 19. d4 e4 20. Nd2 f5 21. d5
Bf7 22. Bh3 Bh5 23. Rde1 Bf6 24. Qc2 Be5 25. Nxe4 Qe7 26. Bxf5 Rxf5 27. Rxf5
Bg6 28. Qf2 Bxf5 29. Qxf5 g6 30. Qg4 Bxb2 31. Ng5 h5 32. Qe6+ Kg7 33. Qxe7+
Rxe7 34. Ne6+ Kf6 35. Rb1 Bc3 36. Rxb7 Ke5 37. Rxa7 Ke4 38. Rxc7 Re8 39. Rb7
Kf3 40. Rf7+ Kxe3 41. Kg2 Kd3 42. Rc7 Be5 43. Rc6 Ra8 44. d6 Rxa2+ 45. Kh3 Ra7
46. d7 Rxd7 47. Nc5+ 1-0

[Event "Mitropa Cup 34th"]
[Site "Mayrhofen"]
[Date "2015.06.20"]
[Round "7.3"]
[White "Kantor, Gergely"]
[Black "Jovanovic, Zoran"]
[Result "1-0"]
[WhiteElo "2416"]
[BlackElo "2520"]
[PlyCount "119"]
[EventDate "2015.06.14"]
[EventType "team"]
[EventRounds "9"]
[EventCountry "AUT"]
[WhiteTeam "Hungary"]
[BlackTeam "Croatia"]
[WhiteTeamCountry "HUN"]
[BlackTeamCountry "CRO"]

1. d4 d6 2. Nf3 g6 3. g3 Bg7 4. Bg2 e5 5. dxe5 dxe5 6. Qxd8+ Kxd8 7. O-O f6 8.
Rd1+ Nd7 9. Nc3 Nh6 10. Nd2 Nf7 11. Nc4 c6 12. b4 Kc7 13. b5 Bf8 14. Rb1 Nc5
15. Be3 Bf5 16. Rb2 Rc8 17. bxc6 bxc6 18. Rdb1 Nd8 19. f4 Be6 20. Na5 Bd6 21.
fxe5 fxe5 22. Bg5 Bd7 23. Ne4 Bf5 24. Nxd6 Kxd6 25. Bf6 Re8 26. Nc4+ Ke6 27.
Bxe5 Nf7 28. Bd4 Be4 29. Bxc5 Bxg2 30. Kxg2 Kd5 31. Bxa7 Kxc4 32. Rb4+ Kd5 33.
Rd1+ Ke5 34. Bc5 Red8 35. Rbb1 Rd5 36. Bb4 Ra8 37. a3 c5 38. Bc3+ Ke6 39. Rf1
Nd6 40. e4 Rh5 41. Rb6 Rxa3 42. Bb2 Ra2 43. g4 Rg5 44. Rf6+ Ke7 45. Rf4 Nc4 46.
Bf6+ Kd7 47. Rb7+ Kc6 48. Re7 h6 49. h4 Ne3+ 50. Kg3 Rxg4+ 51. Rxg4 Nxg4 52.
Kxg4 Rxc2 53. Kf3 Rc1 54. Ke3 Rf1 55. Bg7 Kd6 56. Ra7 Re1+ 57. Kd3 Rd1+ 58. Ke2
Rh1 59. Ra6+ Kd7 60. Bf6 1-0

[Event "Mitropa Cup 34th"]
[Site "Mayrhofen"]
[Date "2015.06.20"]
[Round "7.4"]
[White "Srbis, Jurica"]
[Black "Kozak, Adam"]
[Result "1/2-1/2"]
[WhiteElo "2401"]
[BlackElo "2340"]
[PlyCount "60"]
[EventDate "2015.06.14"]
[EventType "team"]
[EventRounds "9"]
[EventCountry "AUT"]
[WhiteTeam "Croatia"]
[BlackTeam "Hungary"]
[WhiteTeamCountry "CRO"]
[BlackTeamCountry "HUN"]

1. e4 e5 2. Nf3 Nc6 3. Bb5 a6 4. Ba4 Nf6 5. O-O Be7 6. Re1 b5 7. Bb3 d6 8. a4
Bd7 9. c3 O-O 10. d4 Bg4 11. d5 Na5 12. Bc2 c6 13. dxc6 b4 14. h3 Be6 15. cxb4
Nxc6 16. Bb3 Qc8 17. Bd2 Rb8 18. Bxe6 Qxe6 19. b5 axb5 20. axb5 Rxb5 21. Qa4
Qb3 22. Qxb3 Rxb3 23. Bc3 Nd7 24. Nbd2 Rb7 25. Nc4 Nc5 26. Rad1 Rd8 27. Re2 f6
28. Ne1 Kf7 29. f3 Ke6 30. Ne3 Rdb8 1/2-1/2

[Event "Mitropa Cup 34th"]
[Site "Mayrhofen"]
[Date "2015.06.20"]
[Round "7.1"]
[White "Bluebaum, Matthias"]
[Black "Babula, Vlastimil"]
[Result "0-1"]
[WhiteElo "2600"]
[BlackElo "2552"]
[PlyCount "72"]
[EventDate "2015.06.14"]
[EventType "team"]
[EventRounds "9"]
[EventCountry "AUT"]
[WhiteTeam "Germany"]
[BlackTeam "Czech Republic"]
[WhiteTeamCountry "GER"]
[BlackTeamCountry "CZE"]

1. d4 Nf6 2. c4 e6 3. Nf3 d5 4. g3 Bb4+ 5. Bd2 Be7 6. Bg2 O-O 7. O-O c6 8. Qc2
b6 9. Rd1 Nbd7 10. b3 a5 11. Bc3 Bb7 12. Nbd2 Qc7 13. Rac1 c5 14. dxc5 bxc5 15.
cxd5 exd5 16. Ne1 Qb8 17. e4 d4 18. Bb2 a4 19. Nd3 axb3 20. axb3 Rc8 21. Ra1
Bc6 22. Nc4 Bxe4 23. Bxe4 Nxe4 24. Qe2 Rxa1 25. Rxa1 Ndf6 26. f3 Ng5 27. Qxe7
Re8 28. Qxc5 Nxf3+ 29. Kf2 Ne4+ 30. Kxf3 Nxc5 31. Nxc5 Qc8 32. Nd3 Qf5+ 33. Nf4
g5 34. Nd6 g4+ 35. Kg2 Qc2+ 36. Kg1 Qxb2 0-1

[Event "Mitropa Cup 34th"]
[Site "Mayrhofen"]
[Date "2015.06.20"]
[Round "7.2"]
[White "Kriebel, Tadeas"]
[Black "Wagner, Dennis"]
[Result "1/2-1/2"]
[WhiteElo "2459"]
[BlackElo "2569"]
[PlyCount "61"]
[EventDate "2015.06.14"]
[EventType "team"]
[EventRounds "9"]
[EventCountry "AUT"]
[WhiteTeam "Czech Republic"]
[BlackTeam "Germany"]
[WhiteTeamCountry "CZE"]
[BlackTeamCountry "GER"]

1. d4 d5 2. c4 e6 3. Nc3 Bb4 4. cxd5 exd5 5. Nf3 Nf6 6. Bg5 h6 7. Bxf6 Qxf6 8.
e3 O-O 9. Bd3 c6 10. O-O Bg4 11. h3 Bh5 12. g4 Bg6 13. Ne5 Bxd3 14. Qxd3 Qe7
15. Ne2 Nd7 16. f4 Nxe5 17. fxe5 f6 18. Nf4 fxe5 19. Ng6 Rxf1+ 20. Rxf1 Qe6 21.
dxe5 Bc5 22. Kg2 Bxe3 23. Rf5 c5 24. Qxe3 Qxg6 25. Qxc5 Qc6 26. Qd6 Re8 27. Kg3
Qb5 28. Kh4 Qc6 29. Kg3 Qb5 30. Qg6 Re7 31. Qd6 1/2-1/2

[Event "Mitropa Cup 34th"]
[Site "Mayrhofen"]
[Date "2015.06.20"]
[Round "7.3"]
[White "Heimann, Andreas"]
[Black "Kociscak, Jiri"]
[Result "1-0"]
[WhiteElo "2551"]
[BlackElo "2474"]
[PlyCount "69"]
[EventDate "2015.06.14"]
[EventType "team"]
[EventRounds "9"]
[EventCountry "AUT"]
[WhiteTeam "Germany"]
[BlackTeam "Czech Republic"]
[WhiteTeamCountry "GER"]
[BlackTeamCountry "CZE"]

1. e4 e5 2. Nf3 Nc6 3. Bc4 Bc5 4. d3 Nf6 5. c3 O-O 6. O-O d5 7. exd5 Nxd5 8. a4
a5 9. Nbd2 h6 10. Re1 Nf6 11. h3 Qd6 12. Bb5 Bf5 13. Bxc6 bxc6 14. Nc4 Qxd3 15.
Qxd3 Bxd3 16. Nfxe5 Bxc4 17. Nxc4 Rfd8 18. Be3 Ne4 19. Bd4 Bxd4 20. Rxe4 Bf6
21. Rae1 Kf8 22. g4 Rd5 23. Kg2 Rb8 24. Rf4 Rbd8 25. Rf3 Rc5 26. Re4 Rcd5 27.
Ref4 Rc5 28. Re4 Rcd5 29. Ref4 Rc5 30. Ne3 Rb8 31. Rc4 Re5 32. Rxc6 Rxb2 33.
Nc4 Ra2 34. Nxe5 Bxe5 35. Rc5 1-0

[Event "Mitropa Cup 34th"]
[Site "Mayrhofen"]
[Date "2015.06.20"]
[Round "7.4"]
[White "Rojicek, Vojtech"]
[Black "Paehtz, Elisabeth"]
[Result "1/2-1/2"]
[WhiteElo "2414"]
[BlackElo "2458"]
[PlyCount "65"]
[EventDate "2015.06.14"]
[EventType "team"]
[EventRounds "9"]
[EventCountry "AUT"]
[WhiteTeam "Czech Republic"]
[BlackTeam "Germany"]
[WhiteTeamCountry "CZE"]
[BlackTeamCountry "GER"]

1. d4 e6 2. Nf3 Nf6 3. c4 Bb4+ 4. Nc3 b6 5. e3 Bb7 6. Bd3 Ne4 7. O-O Bxc3 8.
bxc3 O-O 9. Nd2 Nxd2 10. Qxd2 f5 11. f3 Nc6 12. Ba3 d6 13. e4 Qd7 14. exf5 exf5
15. Rae1 Ba6 16. Re2 Qf7 17. Rfe1 Bxc4 18. Bxc4 Qxc4 19. d5 Ne5 20. Rxe5 dxe5
21. Bxf8 Rxf8 22. Rxe5 Qc5+ 23. Kh1 h6 24. h3 Rf6 25. Qd3 b5 26. Rxf5 Rxf5 27.
Qxf5 Qxc3 28. Qe6+ Kh7 29. Qf5+ Kg8 30. Qc8+ Kh7 31. Qf5+ Kg8 32. Qe6+ Kh7 33.
Qf5+ 1/2-1/2

[Event "Mitropa Cup 34th"]
[Site "Mayrhofen"]
[Date "2015.06.20"]
[Round "7.1"]
[White "Ragger, Markus"]
[Black "Borisek, Jure"]
[Result "1/2-1/2"]
[WhiteElo "2676"]
[BlackElo "2571"]
[PlyCount "65"]
[EventDate "2015.06.14"]
[EventType "team"]
[EventRounds "9"]
[EventCountry "AUT"]
[WhiteTeam "Austria"]
[BlackTeam "Slovenia"]
[WhiteTeamCountry "AUT"]
[BlackTeamCountry "SLO"]

1. d4 f5 2. g3 Nf6 3. Bg2 g6 4. Nh3 Bg7 5. O-O O-O 6. c4 Nc6 7. Nc3 d6 8. d5
Ne5 9. b3 c5 10. Qc2 a6 11. a4 Rb8 12. Bd2 Ne8 13. a5 Nc7 14. Na4 e6 15. Nb6
exd5 16. cxd5 Nd7 17. Bg5 Qe8 18. Nxc8 Rxc8 19. Rae1 Nf6 20. Bxf6 Bxf6 21. e4
fxe4 22. Bxe4 Qf7 23. Nf4 Bd4 24. Kg2 Rce8 25. h4 Re7 26. Qc4 Qf6 27. Ne6 Nxe6
28. dxe6 Kh8 29. Bd5 Bc3 30. Re3 Bxa5 31. h5 Qd4 32. Rf3 Rxf3 33. Qxd4+ 1/2-1/2

[Event "Mitropa Cup 34th"]
[Site "Mayrhofen"]
[Date "2015.06.20"]
[Round "7.2"]
[White "Sebenik, Matej"]
[Black "Shengelia, David"]
[Result "1-0"]
[WhiteElo "2512"]
[BlackElo "2573"]
[PlyCount "81"]
[EventDate "2015.06.14"]
[EventType "team"]
[EventRounds "9"]
[EventCountry "AUT"]
[WhiteTeam "Slovenia"]
[BlackTeam "Austria"]
[WhiteTeamCountry "SLO"]
[BlackTeamCountry "AUT"]

1. d4 Nf6 2. c4 e6 3. Nf3 b6 4. g3 Bb7 5. Bg2 g6 6. O-O Bg7 7. Bf4 O-O 8. Nc3
d6 9. Qc2 Nc6 10. Rad1 Qe7 11. Rfe1 h6 12. e4 Nh5 13. Be3 Rae8 14. h3 Qd8 15.
e5 dxe5 16. Nxe5 Qa8 17. Nxc6 Bxc6 18. d5 Bb7 19. c5 Bxc3 20. Qxc3 Bxd5 21.
Bxd5 exd5 22. g4 d4 23. Qxd4 Rd8 24. Qe5 Rxd1 25. Rxd1 Qf3 26. Rd3 Qe2 27. gxh5
Qxd3 28. Bxh6 f6 29. Qe6+ Rf7 30. Qe8+ Kh7 31. Qxf7+ Kxh6 32. Qxg6+ Qxg6+ 33.
hxg6 bxc5 34. b3 a5 35. a4 Kxg6 36. Kg2 Kf5 37. Kf3 c4 38. bxc4 c5 39. h4 Ke5
40. Kg4 Kd4 41. h5 1-0

[Event "Mitropa Cup 34th"]
[Site "Mayrhofen"]
[Date "2015.06.20"]
[Round "7.3"]
[White "Kreisl, Robert"]
[Black "Markoja, Boris"]
[Result "1-0"]
[WhiteElo "2441"]
[BlackElo "2372"]
[PlyCount "117"]
[EventDate "2015.06.14"]
[EventType "team"]
[EventRounds "9"]
[EventCountry "AUT"]
[WhiteTeam "Austria"]
[BlackTeam "Slovenia"]
[WhiteTeamCountry "AUT"]
[BlackTeamCountry "SLO"]

1. Nf3 g6 2. c4 Bg7 3. d4 d6 4. Nc3 e5 5. e4 exd4 6. Nxd4 Nc6 7. Be3 Nge7 8.
Be2 O-O 9. O-O f5 10. Qd2 fxe4 11. Nxe4 Nf5 12. Nxf5 Bxf5 13. Nc3 Qf6 14. Rad1
Kh8 15. Rfe1 Qf7 16. b3 Rad8 17. Bf3 Qd7 18. Bh6 Bxh6 19. Qxh6 Qg7 20. Qxg7+
Kxg7 21. Nb5 Rd7 22. Bxc6 bxc6 23. Nxa7 Ra8 24. Nxc6 Rxa2 25. Nd4 Rf7 26. f3 h5
27. h4 Kf6 28. Re3 Rb2 29. Rde1 g5 30. hxg5+ Kxg5 31. R3e2 Rxe2 32. Rxe2 Bd7
33. Kf2 Kf6 34. Re4 Rg7 35. Ne2 Rg5 36. Nf4 c6 37. Rd4 Ke7 38. Re4+ Kf6 39. Rd4
Ke7 40. Rd1 Ra5 41. Kg3 Rf5 42. Rd4 Be8 43. Kh4 Bf7 44. Ne2 c5 45. Re4+ Kf6 46.
Ng3 d5 47. Nxf5 dxe4 48. fxe4 Ke5 49. Kg5 Be6 50. Kxh5 Kxe4 51. Nd6+ Kd4 52. g4
Kc3 53. g5 Kxb3 54. g6 Kc3 55. Kg5 Kd3 56. Kf6 Bg8 57. Ke7 Kd4 58. Kf8 Be6 59.
g7 1-0

[Event "Mitropa Cup 34th"]
[Site "Mayrhofen"]
[Date "2015.06.20"]
[Round "7.4"]
[White "Spalir, Jernej"]
[Black "Diermair, Andreas"]
[Result "1/2-1/2"]
[WhiteElo "2361"]
[BlackElo "2494"]
[PlyCount "60"]
[EventDate "2015.06.14"]
[EventType "team"]
[EventRounds "9"]
[EventCountry "AUT"]
[WhiteTeam "Slovenia"]
[BlackTeam "Austria"]
[WhiteTeamCountry "SLO"]
[BlackTeamCountry "AUT"]

1. d4 Nf6 2. c4 e6 3. Nf3 d5 4. Nc3 c6 5. Bg5 h6 6. Bxf6 Qxf6 7. e3 Nd7 8. Bd3
dxc4 9. Bxc4 g6 10. O-O Bg7 11. e4 e5 12. d5 Nb6 13. Bb3 Bg4 14. Rc1 O-O 15. h3
Bxf3 16. Qxf3 Qxf3 17. gxf3 Rfd8 18. Rfd1 Bf8 19. dxc6 bxc6 20. Na4 Nxa4 21.
Bxa4 c5 22. Rxd8 Rxd8 23. Rd1 Rxd1+ 24. Bxd1 Be7 25. Bb3 Bg5 26. Bd5 Bc1 27. b3
Bb2 28. Bc4 Bd4 29. Bd5 Kf8 30. Kf1 Ke7 1/2-1/2

[Event "Mitropa Cup 34th"]
[Site "Mayrhofen"]
[Date "2015.06.21"]
[Round "8.1"]
[White "Pelletier, Yannick"]
[Black "Borisek, Jure"]
[Result "1/2-1/2"]
[WhiteElo "2563"]
[BlackElo "2571"]
[PlyCount "81"]
[EventDate "2015.06.14"]
[EventType "team"]
[EventRounds "9"]
[EventCountry "AUT"]
[WhiteTeam "Switzerland"]
[BlackTeam "Slovenia"]
[WhiteTeamCountry "SUI"]
[BlackTeamCountry "SLO"]

1. Nf3 f5 2. d3 d6 3. e4 e5 4. Nc3 Nc6 5. exf5 Nge7 6. d4 exd4 7. Nxd4 Nxd4 8.
Qxd4 Nxf5 9. Qe4+ Qe7 10. Bd3 Qxe4+ 11. Nxe4 Be7 12. c4 O-O 13. O-O Nd4 14. Be3
Nc6 15. Rad1 Bf5 16. Nc3 Bxd3 17. Rxd3 Rae8 18. Nd5 Bd8 19. c5 dxc5 20. Bxc5
Rf7 21. Rfd1 Bf6 22. Nxf6+ gxf6 23. Kf1 b6 24. Rg3+ Kh8 25. Be3 Ne5 26. b3 Rd7
27. Rxd7 Nxd7 28. Bd4 Re6 29. Bc3 Nc5 30. Bb4 Ne4 31. Rd3 c5 32. Be1 Nd6 33. f3
Kg7 34. Rd5 Kf7 35. g4 Nb5 36. Bf2 Nc3 37. Rd2 Re5 38. Rd7+ Re7 39. Rd2 Re5 40.
Rd7+ Re7 41. Rd2 1/2-1/2

[Event "Mitropa Cup 34th"]
[Site "Mayrhofen"]
[Date "2015.06.21"]
[Round "8.2"]
[White "Sebenik, Matej"]
[Black "Loetscher, Roland"]
[Result "1/2-1/2"]
[WhiteElo "2512"]
[BlackElo "2449"]
[PlyCount "61"]
[EventDate "2015.06.14"]
[EventType "team"]
[EventRounds "9"]
[EventCountry "AUT"]
[WhiteTeam "Slovenia"]
[BlackTeam "Switzerland"]
[WhiteTeamCountry "SLO"]
[BlackTeamCountry "SUI"]

1. Nf3 d5 2. d4 Nf6 3. c4 c6 4. e3 g6 5. Nc3 Bg7 6. Be2 O-O 7. O-O Ne4 8. Qb3
b6 9. cxd5 cxd5 10. Nd2 Nf6 11. Bf3 e6 12. Qa4 Bb7 13. b4 Qd7 14. Qxd7 Nbxd7
15. Bb2 Rfc8 16. Rfc1 Ne8 17. b5 Rc7 18. a4 a5 19. Ne2 Rac8 20. Rxc7 Rxc7 21.
Rc1 Rxc1+ 22. Nxc1 f6 23. Nd3 Kf7 24. Bd1 Bf8 25. Bb3 Bd6 26. f3 f5 27. Nb1
Nef6 28. Ba3 Bc7 29. Nc3 g5 30. h3 h5 31. Kf2 1/2-1/2

[Event "Mitropa Cup 34th"]
[Site "Mayrhofen"]
[Date "2015.06.21"]
[Round "8.3"]
[White "Gallagher, Joseph G"]
[Black "Markoja, Boris"]
[Result "1-0"]
[WhiteElo "2476"]
[BlackElo "2372"]
[PlyCount "57"]
[EventDate "2015.06.14"]
[EventType "team"]
[EventRounds "9"]
[EventCountry "AUT"]
[WhiteTeam "Switzerland"]
[BlackTeam "Slovenia"]
[WhiteTeamCountry "SUI"]
[BlackTeamCountry "SLO"]

1. Nf3 Nf6 2. g3 g6 3. Bg2 Bg7 4. O-O O-O 5. d4 d6 6. c4 c6 7. Nc3 Bf5 8. Qb3
Qb6 9. Re1 Qxb3 10. axb3 Nfd7 11. h3 e5 12. Be3 Na6 13. g4 exd4 14. Nxd4 Bxd4
15. Bxd4 Bc2 16. Rxa6 bxa6 17. Bxc6 Rad8 18. Nd5 f5 19. Rc1 Be4 20. f3 Nb8 21.
Nf6+ Kf7 22. Bxe4 fxe4 23. Nxh7 Nc6 24. Bc3 Rfe8 25. Ng5+ Kg8 26. Nxe4 Re6 27.
Rd1 Rb8 28. Kf2 Rxb3 29. Ng5 1-0

[Event "Mitropa Cup 34th"]
[Site "Mayrhofen"]
[Date "2015.06.21"]
[Round "8.4"]
[White "Spalir, Jernej"]
[Black "Sermier, Guillaume"]
[Result "0-1"]
[WhiteElo "2361"]
[BlackElo "2414"]
[PlyCount "114"]
[EventDate "2015.06.14"]
[EventType "team"]
[EventRounds "9"]
[EventCountry "AUT"]
[WhiteTeam "Slovenia"]
[BlackTeam "Switzerland"]
[WhiteTeamCountry "SLO"]
[BlackTeamCountry "SUI"]

1. d4 Nf6 2. Nf3 e6 3. c4 Bb4+ 4. Bd2 a5 5. g3 d6 6. Bg2 Nbd7 7. Nc3 O-O 8. Qc2
Qe7 9. O-O e5 10. e4 Re8 11. Rfe1 exd4 12. Nxd4 c6 13. Nf5 Qd8 14. a3 Bc5 15.
Na4 Ne5 16. Bc3 Bxf5 17. exf5 Ba7 18. h3 Qc7 19. b3 Nfd7 20. Rad1 Nc5 21. Nb2
f6 22. b4 axb4 23. axb4 Ncd7 24. Qd2 Nf7 25. Nd3 Nde5 26. Nxe5 dxe5 27. Qd7 Re7
28. Qxc7 Rxc7 29. Ra1 Nd6 30. Bf1 b5 31. c5 Nxf5 32. Ra6 Rd8 33. Rea1 Bb8 34.
Bg2 Ne7 35. Ra8 Kf7 36. R1a6 Rcc8 37. h4 Ke6 38. Kf1 g6 39. Ke2 f5 40. Bd2 e4
41. Bg5 Be5 42. Rxc8 Rxc8 43. Bxe7 Kxe7 44. f3 exf3+ 45. Bxf3 Kd7 46. g4 Bc3
47. gxf5 gxf5 48. Ra7+ Rc7 49. Ra3 Bxb4 50. Rd3+ Ke7 51. Rd6 Bxc5 52. Rh6 Kf8
53. Bxc6 Kg7 54. Re6 b4 55. Kf3 Re7 56. Rxe7+ Bxe7 57. Bd5 Bxh4 0-1

[Event "Mitropa Cup 34th"]
[Site "Mayrhofen"]
[Date "2015.06.21"]
[Round "8.1"]
[White "Babula, Vlastimil"]
[Black "Ragger, Markus"]
[Result "1/2-1/2"]
[WhiteElo "2552"]
[BlackElo "2676"]
[PlyCount "62"]
[EventDate "2015.06.14"]
[EventType "team"]
[EventRounds "9"]
[EventCountry "AUT"]
[WhiteTeam "Czech Republic"]
[BlackTeam "Austria"]
[WhiteTeamCountry "CZE"]
[BlackTeamCountry "AUT"]

1. d4 Nf6 2. c4 g6 3. Nc3 d5 4. Nf3 Bg7 5. Bf4 O-O 6. Rc1 dxc4 7. e3 Be6 8. Ng5
Bd5 9. e4 h6 10. exd5 hxg5 11. Bxg5 Nxd5 12. Bxc4 Nb6 13. Bb3 Nc6 14. Ne2 Na5
15. h4 Qd7 16. h5 Nxb3 17. Qxb3 Qg4 18. Be3 Qxg2 19. Rg1 Qd5 20. Rxc7 Qxb3 21.
axb3 Nd5 22. Rxb7 Rfb8 23. Rxb8+ Rxb8 24. hxg6 Nxe3 25. fxe3 Rxb3 26. Kd2 Rxb2+
27. Kd3 e5 28. dxe5 Bxe5 29. Nd4 fxg6 30. Rxg6+ Kf7 31. Ra6 Bxd4 1/2-1/2

[Event "Mitropa Cup 34th"]
[Site "Mayrhofen"]
[Date "2015.06.21"]
[Round "8.2"]
[White "Shengelia, David"]
[Black "Kriebel, Tadeas"]
[Result "1/2-1/2"]
[WhiteElo "2573"]
[BlackElo "2459"]
[PlyCount "142"]
[EventDate "2015.06.14"]
[EventType "team"]
[EventRounds "9"]
[EventCountry "AUT"]
[WhiteTeam "Austria"]
[BlackTeam "Czech Republic"]
[WhiteTeamCountry "AUT"]
[BlackTeamCountry "CZE"]

1. Nf3 Nf6 2. g3 g6 3. b3 Bg7 4. Bb2 O-O 5. Bg2 d5 6. c4 c6 7. O-O Bf5 8. d3
Qc8 9. Re1 Bh3 10. Bh1 Qf5 11. Qd2 Nbd7 12. cxd5 cxd5 13. Nc3 Rfd8 14. Rac1
Rac8 15. Qg5 Nb8 16. Qxf5 Bxf5 17. Nd4 Nc6 18. Nxc6 Rxc6 19. e4 Be6 20. exd5
Nxd5 21. Nxd5 Bxd5 22. Rxc6 Bxc6 23. Bxg7 Bxh1 24. Kxh1 Kxg7 25. Rxe7 b5 26.
Rxa7 Rxd3 27. Kg2 h5 28. Ra5 b4 29. Ra4 Rd2 30. h4 Kf6 31. Kf3 Rc2 32. Ke3 Kf5
33. Rxb4 Rxa2 34. Rf4+ Ke6 35. Re4+ Kf5 36. Rf4+ Ke6 37. Rf3 f6 38. Kf4 Rd2 39.
Re3+ Kd5 40. f3 Rd4+ 41. Re4 Rd3 42. Rb4 g5+ 43. hxg5 fxg5+ 44. Kxg5 Rxf3 45.
Kh4 Ke5 46. Rb8 Rc3 47. b4 Rb3 48. Rf8 Ke6 49. Rf4 Ke7 50. Rf5 Ke6 51. Rf4 Ke7
52. Rc4 Kf6 53. Re4 Kf5 54. Rf4+ Ke6 55. Rf8 Ke7 56. Rg8 Kf7 57. Rb8 Kf6 58.
Rb5 Ke6 59. Rxh5 Rxb4+ 60. Kg5 Kf7 61. Kh6 Kg8 62. Rg5+ Kh8 63. Rg6 Rb8 64. Ra6
Kg8 65. g4 Rc8 66. g5 Rb8 67. g6 Rc8 68. g7 Rb8 69. Rf6 Rc8 70. Rf8+ Rxf8 71.
gxf8=Q+ Kxf8 1/2-1/2